| 000 | 00525nam a2200193Ia 4500 | ||
|---|---|---|---|
| 001 | 43007 | ||
| 008 | 140425s9999 xx 000 0 und d | ||
| 020 | _aNA | ||
| 040 | _cPK-LaUMT | ||
| 082 |
_aRHC 891.556 _bMAH-K |
||
| 100 | _aMahdi Wasif, Muhammad | ||
| 245 |
_aKalmaat-e-abdar (Persian) _cMahdi Wasif, Muhammad<>Moeen Uddin Aqeel |
||
| 260 |
_aKarachi,Pakistan: _bBahadar Yar Jang Academy, _c1999 |
||
| 300 | _a67 p. | ||
| 546 | _aPersian | ||
| 650 | _aPersian letters | ||
| 700 | _aMoeen Uddin Aqeel | ||
| 942 | _cBK | ||
| 999 |
_c41019 _d41019 |
||